| 000 | 00496nam a22001937a 4500 | ||
|---|---|---|---|
| 003 | OSt | ||
| 005 | 20180116183000.0 | ||
| 008 | 141003b xxu||||| |||| 00| 0 eng d | ||
| 020 | _a0 | ||
| 040 |
_a0 _c0 |
||
| 082 | _a155.24 HAR 2003 | ||
| 100 | _aPatti L. Harrison | ||
| 245 |
_aAdaptive Behavior Assessment System _bManual _cPatti L. Harrison |
||
| 250 | _a2nd Ed. | ||
| 260 |
_aUSA _bWPS _c2003 |
||
| 300 |
_a341p. _bHB |
||
| 440 | _aAdaptive Behavior Assessment System | ||
| 942 |
_2ddc _cBK |
||
| 999 |
_c349799 _d349799 |
||